| 000 | 00824cam1a220026500 4500 | ||
|---|---|---|---|
| 001 | lce02541961 | ||
| 005 | 20190830103754.0 | ||
| 008 | 890810s1990 nju b 001 0 eng | ||
| 010 | _a 89035992 | ||
| 020 | _a0714633844 | ||
| 035 | _a(Sirsi) r25201 | ||
| 035 | _a(DLC) 89035992 | ||
| 035 | _a(UPRA)lce02541961 | ||
| 040 |
_aDLC _cDLC _dDLC |
||
| 050 | 0 | 0 |
_aJX4054 _b.H46 1990 |
| 082 | 0 | 0 |
_a320.1/5/ _220 |
| 100 | 1 |
_aHeraclides, Alexis. _6A78113.1 |
|
| 245 | 1 | 4 |
_aThe self-determination of minorities in international politics / _cAlexis Heraclides. |
| 260 |
_aTotowa, N.J. : _bF. Cass, _c1990. |
||
| 263 | _a9002 | ||
| 504 | _aIncludes bibliographical references. | ||
| 650 | 0 |
_aSelf-determination, National. _6S25296.1 |
|
| 949 |
_aJX4054 _wlcc _i33729001756985 _mMAIN _p2500 _tBOOK _lON-SHELF |
||
| 004 | 25201 | ||
| 999 |
_c184851 _d184851 |
||